| 000 | 00589nam a22001577a 4500 | ||
|---|---|---|---|
| 005 | 20120208145131.0 | ||
| 020 |
_a8120323750 _c235.00 |
||
| 035 | _aB-106239 | ||
| 037 |
_aDPL _bENG |
||
| 100 |
_aLewis, Daniel W. _941231 |
||
| 245 |
_aFundamentals of embedded software : _bWhere C and assembly meet / _cby Daniel W. Lewis |
||
| 260 |
_aNew Delhi _bPrentice-Hall of India _c2004 |
||
| 300 |
_axiii, 266p. _c22 cms. |
||
| 942 |
_2ddc _cEN _h005.3 _mLEW |
||
| 999 |
_c62296 _d62296 |
||